[Event "BL2-West 9899"]
[Site "Germany"]
[Date "1998.12.13"]
[Round "3.2"]
[White "Reinderman, Dimitri"]
[Black "Winants, Luc"]
[Result "1/2-1/2"]
[WhiteElo "2540"]
[BlackElo "2480"]
[Annotator "Winants,L"]
[PlyCount "68"]
[EventDate "1998.10.??"]
[EventType "team-tourn"]
[EventRounds "9"]
[EventCountry "GER"]
[SourceTitle "EXT 2000"]
[Source "ChessBase"]
[SourceDate "1999.11.16"]
[SourceVersion "1"]
[SourceVersionDate "1999.11.16"]
[SourceQuality "1"]
[WhiteTeam "Porz II"]
[BlackTeam "Andernach"]
[WhiteTeamCountry "GER"]
[BlackTeamCountry "GER"]

1. e4 e5 2. Nf3 Nc6 3. Bb5 a6 4. Bxc6 dxc6 5. O-O Bd6 6. d4 exd4 7. Qxd4 f6 8.
Be3 (8. Nbd2 Be6 9. Qc3 (9. Nc4 $2 Bxh2+ $1 $17) 9... Qe7 10. Nd4 O-O-O 11.
Nxe6 Qxe6 12. Qc4 Re8 13. Qxe6+ Rxe6 14. f3 Bc5+ 15. Kh1 Ne7 16. Nb3 Ba7 17.
Bd2 f5 $132 {Bosch,J-Winants,L/Rotterdam 1997}) 8... Ne7 9. Nbd2 Be6 10. Qc3
Ng6 (10... O-O $142 11. Nd4 Bf7) 11. Nd4 Qe7 12. Nxe6 Qxe6 13. Qb3 Qxb3 14.
axb3 O-O-O 15. Nc4 (15. Rfd1 $142 $14 {[%cal Yd2f1,Yf1g3,Yg3f5]}) 15... Rhe8
16. f3 Ne5 17. Nxe5 fxe5 (17... Bxe5 18. c3 Rd3 19. Kf2 Bxh2 20. Rh1) 18. Rfd1
Kd7 19. g3 Ke6 20. Kg2 Rf8 21. f4 g6 22. Rf1 Rf7 23. Rf3 Rdf8 24. Raf1 exf4 (
24... a5) 25. gxf4 a5 26. Kh3 (26. h4) 26... Be5 27. Bc5 Bd6 28. Be3 Be5 29.
Bc5 Bd6 30. Bxd6 cxd6 31. Kg4 d5 32. exd5+ (32. f5+ $2 Ke5 $1 33. fxg6 (33.
exd5 gxf5+) 33... Rxf3 34. Rxf3 Rxf3 35. g7 (35. Kxf3 dxe4+) (35. gxh7 Rf8)
35... Rf1 $1 $19) 32... cxd5 33. Rd1 Rf5 34. Rd4 Rc8 1/2-1/2